Test de Rapidité - Lettre "D" - Statistiques

Statistiques générales
  • Ce quiz a été pris 1 347 fois
  • Le résultat moyen est 92 sur 100
Statistiques - réponses
Lettre "D" % Correct
D
100%
D
100%
D
99%
D
99%
D
99%
D
98%
D
98%
D
98%
D
98%
D
98%
D
98%
D
98%
D
98%
D
98%
D
98%
D
98%
D
98%
D
98%
D
98%
D
97%
D
97%
D
97%
D
97%
D
97%
D
97%
D
97%
D
97%
D
97%
D
97%
D
97%
D
96%
D
96%
D
96%
D
96%
D
96%
D
96%
D
96%
D
95%
D
95%
D
95%
D
95%
D
95%
D
95%
D
95%
D
95%
D
95%
D
95%
D
95%
D
95%
D
94%
D
94%
D
94%
D
94%
D
94%
D
94%
D
94%
D
93%
D
93%
D
93%
D
93%
D
93%
D
93%
D
93%
D
93%
D
93%
D
92%
D
92%
D
92%
D
92%
D
91%
D
91%
D
91%
D
91%
D
90%
D
90%
D
89%
D
89%
D
89%
D
88%
D
88%
D
87%
D
87%
D
86%
D
85%
D
85%
D
84%
D
83%
D
82%
D
81%
D
80%
D
79%
D
79%
D
78%
D
77%
D
76%
D
74%
D
73%
D
72%
D
70%
D
69%
Aucun quiz correspondant
Distribution des résultats
% des personnes avec chaque résultat
Percentile par nombre de réponses
Votre historique - résultats
Vous n’avez pas pris ce quiz